000 00580nam a22001937a 4500
003 CEME
005 20210628204143.0
008 210112b xxu||||| |||| 00| 0 eng d
020 _a9781439856291
040 _cceme
082 _a621.314 ELE
100 _aHarlow, James.H
_968988
245 _aElectric power transformer engineering , the electric power engineering handbook
250 _a3RD
260 _aLONDON
_bCRC PRESS
_c2012
300 _aXIII,P
650 _aELECTRIC TRANSFORMERS.ELECTRIC POWER TRANSFORMER.POWER TRANSFORMER ENGINEERING
_968989
942 _cBK
_2ddc
999 _c576422
_d576422